[Event "Pernik"]
[Site "Pernik"]
[Date "1976.??.??"]
[Round "9"]
[White "Spiridonov, Nikola"]
[Black "Radev, Nikolai"]
[Result "1-0"]
[WhiteElo "2490"]
[BlackElo "2370"]

1.c4 e5 2.g3 Nf6 3.Bg2 d6 4.Nc3 g6 5.e4 Bg7 6.Nge2 O-O 7.O-O Nbd7 8.Rb1 c6
9.d3 a5 10.h3 Nc5 11.Be3 Nfd7 12.d4 exd4 13.Nxd4 Re8 14.Qc2 Qe7 15.Rfe1 a4
16.b4 axb3 17.axb3 Nf6 18.b4 Ne6 19.Nb3 Nh5 20.Ne2 f5 21.exf5 gxf5 22.Qd2 Qf7
23.b5 Bd7 24.bxc6 Bxc6 25.Bxc6 bxc6 26.Qxd6 f4 27.gxf4 Qf5 28.Qxc6 Qg6+ 29.Qg2 Qxg2+
30.Kxg2 Rf8 31.Kf3 Be5 32.Rg1+ Kh8 33.Rg4 Ra2 34.Nbc1 Rc2 35.Rb5 Bxf4 36.Rxh5 Ng5+
37.Kg2 Bxe3 38.fxe3 Nf3 39.Rf4 Rxf4 40.exf4 Nd4 41.Re5 Nxe2 42.Nxe2 Rxc4
43.Re7  1-0

[Event "SWE-ch"]
[Site "SWE"]
[Date "1976.??.??"]
[Round "?"]
[White "Lekander, Rolf"]
[Black "Wahlbom, Magnus"]
[Result "0-1"]
[WhiteElo "2305"]
[BlackElo "2355"]

1.c4 e5 2.g3 Nf6 3.Bg2 c6 4.Nf3 e4 5.Nd4 d5 6.cxd5 Qxd5 7.Nc2 Qh5 8.h3 Be7
9.d3 exd3 10.Qxd3 Na6 11.Nc3 O-O 12.Qf3 Qg6 13.Ne3 Re8 14.O-O Be6 15.Rd1 Rad8
16.Bd2 Nb4 17.b3 Bf8 18.Be1 h5 19.Qf4 Rxd1 20.Rxd1 Nxa2 21.Nxa2 Bxb3 22.Ra1 Bxa2
23.Qc7 Nd5 24.Qxb7 Nxe3 25.fxe3 Bd5 26.Bxd5 cxd5 27.Qxa7 Bd6 28.Qd7 Rb8 29.g4 Qf6
30.Ra6 Bh2+ 31.Kxh2 Qxa6 32.Kg2 Qxe2+ 33.Bf2 hxg4 34.hxg4 Qd3 35.Qc7 Qe4+
36.Kg3 Re8 37.Qd6 Qe6 38.Qc7 Rc8 39.Qb7 Rc4 40.Qb8+ Kh7 41.Qb1+ Re4  0-1

[Event "IBM-B"]
[Site "Amsterdam"]
[Date "1977.??.??"]
[Round "11"]
[White "Zwaig, Arne"]
[Black "Ligterink, Gert"]
[Result "0-1"]
[WhiteElo "2450"]
[BlackElo "2430"]

1.g3 e5 2.c4 c6 3.Nf3 e4 4.Nd4 d5 5.cxd5 Qxd5 6.Nc2 Nf6 7.Nc3 Qh5 8.h3 Qg6
9.Bg2 Na6 10.Ne3 Bc5 11.Qc2 Nb4 12.Qb1 Bxe3 13.dxe3 Bf5 14.Bd2 O-O 15.O-O h5
16.a3 Nbd5 17.h4 Rfe8 18.Nxd5 Nxd5 19.b4 Rad8 20.Qb2 Bg4 21.Rfe1 Qf5 22.Rad1 g5
23.hxg5 Qxg5 24.Bc3 Rd6 25.f4 Qf5 26.Kf2 h4 27.gxh4 Rg6 28.Rh1 Nxf4 29.exf4 e3+
30.Ke1 Qxf4 31.Rd4 Qg3+ 32.Kd1 Qxg2 33.Re1 b6 34.Qc2 c5 35.bxc5 bxc5 36.Rc4 Qd5+  0-1

[Event "SWE-ch"]
[Site "?"]
[Date "1977.??.??"]
[Round "?"]
[White "Thornblom, N."]
[Black "Hansson, Dan"]
[Result "1-0"]
[WhiteElo "2325"]
[BlackElo "2345"]

1.c4 e5 2.g3 Nc6 3.Bg2 g6 4.Nc3 Bg7 5.d3 Nge7 6.Nf3 d6 7.O-O O-O 8.Rb1 f5
9.Nd5 a5 10.a3 Nxd5 11.cxd5 Ne7 12.Bg5 h6 13.Bxe7 Qxe7 14.Nd2 Bd7 15.Qc2 Rfc8
16.Rfc1 c5 17.dxc6 bxc6 18.Nc4 Rcb8 19.Qd2 a4 20.Na5 c5 21.Bxa8 Rxa8 22.b4 axb3
23.Rxb3 f4 24.Rcb1 fxg3 25.Rb8+ Kh7 26.hxg3 Ra6 27.R1b7 d5 28.Rc7 Rd6 29.Rbb7 e4
30.dxe4  1-0

[Event "Yerevan"]
[Site "Yerevan"]
[Date "1977.??.??"]
[Round "8"]
[White "Donchenko, Anatoly G"]
[Black "Popov, N."]
[Result "0-1"]
[WhiteElo "2385"]
[BlackElo "2410"]

1.c4 e5 2.g3 d6 3.Bg2 f5 4.d4 Be7 5.Nc3 Nf6 6.e3 O-O 7.Nge2 c6 8.O-O Be6
9.b3 Bf7 10.Bb2 Na6 11.Qd2 e4 12.d5 cxd5 13.cxd5 Nc5 14.Rad1 Nd3 15.Ba1 Ne5
16.Nd4 Qd7 17.f3 exf3 18.Nxf3 Bh5 19.Rde1 Nxf3+ 20.Bxf3 Bxf3 21.Rxf3 Rae8
22.Qd4 Ng4 23.Qxa7 Bf6 24.Qb6 Rc8 25.Ne2 Bxa1 26.Rxa1 Rc2 27.h3 Ne5 28.Rf2 Nd3
29.Rg2 Qe7 30.Qd4 Ne5 31.Kh1 Rfc8 32.Rf1 Rxa2 33.Rxf5 Rcc2 34.Rff2 Rd2 35.Qe4 Qd7
36.g4 Qc8 37.Qf4 Qe8 38.Qe4 Qg6 39.Qf4 Qe8 40.Qe4 Qg6 41.Qf4 Qf6 42.Qe4 Qh4
43.Rh2 Rd1+ 44.Kg2 Re1 45.Qf5 Qxf2+ 46.Kxf2 Raxe2+ 47.Kg3 Rxe3+ 48.Kg2 R1e2+
49.Kf1 Re1+ 50.Kg2 Ng6 51.Qc8+ Re8 52.Qxb7 R8e2+ 53.Kg3 Re3+ 54.Kf2 R1e2+
55.Kg1 Re1+ 56.Kf2 R3e2+ 57.Kg3 Rg1+ 58.Kf3 Rxh2 59.Qb8+ Nf8 60.Qxd6 Rxh3+
61.Kf2 Rd1 62.b4 Rd2+ 63.Ke1 Ra2  0-1

[Event "JUG-ch"]
[Site "Zagreb"]
[Date "1977.??.??"]
[Round "4"]
[White "Simic, Radoslav"]
[Black "Karaklajic, Nikola"]
[Result "1/2-1/2"]
[WhiteElo "2375"]
[BlackElo "2460"]

1.g3 e5 2.c4 c6 3.d4 exd4 4.Qxd4 d5 5.cxd5 Qxd5 6.Qxd5 cxd5 7.Nc3 Be6 8.Bg2 Nf6
9.Bg5 Nbd7 10.Nf3 Bb4 11.Bd2 O-O 12.O-O Rac8 13.a3 Be7 14.Nd4 Rfe8 15.Rfd1 Bc5
16.Be1 Nb6 17.Nb3 Bf8 18.Na5 Nc4 19.Nxc4 Rxc4 20.e3 Rd8 21.h3 Be7 22.b3 Rcc8
23.b4 a6 24.g4 b6 25.f4 a5 26.g5 Ne4 27.Nxe4 dxe4 28.Rxd8+ Bxd8 29.h4 f5
30.bxa5 bxa5 31.Rb1 Be7 32.Bxa5 Bxa3 33.Bf1  1/2-1/2

[Event "URS-FL"]
[Site "Ashkhabad"]
[Date "1978.??.??"]
[Round "4"]
[White "Sveshnikov, Evgeny"]
[Black "Kapengut, Albert Z"]
[Result "1/2-1/2"]
[WhiteElo "2565"]
[BlackElo "2465"]

1.g3 e5 2.c4 Nf6 3.Nc3 Bb4 4.Bg2 O-O 5.e4 b5 6.Nxb5 Bb7 7.a3 a6 8.Nc3 Bxc3
9.dxc3 Nxe4 10.Nf3 d6 11.O-O Nd7 12.Re1 f5 13.Qc2 Ndf6 14.Ng5 Qd7 15.Nxe4 Bxe4
16.Bxe4 Nxe4 17.f3 Nf6 18.Bg5 h6 19.Bxf6 Rxf6 20.Qd3 Qc6 21.Qd5+ Qxd5 22.cxd5 a5
23.b4 Rff8 24.Kf2 g5 25.b5 g4 26.c4 gxf3 27.Kxf3 Kf7 28.c5 Ke7 29.Rac1 Kd7
30.a4  1/2-1/2

[Event "Buenos Aires ol (Men)"]
[Site "Buenos Aires"]
[Date "1978.??.??"]
[Round "?"]
[White "Masculo, Jose"]
[Black "Ligterink, Gert"]
[Result "1/2-1/2"]
[WhiteElo "2200"]
[BlackElo "2440"]

1.g3 e5 2.c4 c6 3.Bg2 Nf6 4.Nc3 d5 5.cxd5 cxd5 6.Qb3 Nc6 7.Nxd5 Nd4 8.Nxf6+ Qxf6
9.Qd1 Bf5 10.d3 Rc8 11.Kf1 Qa6 12.Bd2 Bc5 13.Bh3 Bxh3+ 14.Nxh3 O-O 15.Ng5 Qc6
16.Rg1 Be7 17.Nf3 Nxf3 18.exf3 Rfd8 19.Bc3 Qa6 20.Qe2 Rxd3 21.Kg2 f6 22.Rgd1 Rcd8
23.Rxd3 Qxd3 24.Qxd3 Rxd3 25.Re1 Kf7 26.Re4 b5 27.a4 a6 28.axb5 axb5 29.f4  1/2-1/2

[Event "Buenos Aires ol (Men)"]
[Site "Buenos Aires"]
[Date "1978.??.??"]
[Round "?"]
[White "Philippe, Georges"]
[Black "Bano, P."]
[Result "1/2-1/2"]
[WhiteElo "2220"]
[BlackElo "2200"]

1.c4 e5 2.g3 Nf6 3.Bg2 Bc5 4.Nc3 Nc6 5.e3 d6 6.a3 a6 7.b4 Ba7 8.b5 axb5 9.cxb5 Ne7
10.a4 d5 11.Ba3 c6 12.Nge2 Be6 13.d4 e4 14.Nf4 Bb8 15.Nxe6 fxe6 16.O-O O-O
17.f3 Bd6 18.Bxd6 Qxd6 19.f4 Qb4 20.Qe1 Nf5 21.Nxe4 Qxe1 22.Nxf6+ Rxf6 23.Rfxe1 cxb5
24.a5 Nd6 25.e4 dxe4 26.Bxe4 Nxe4 27.Rxe4 Kf7 28.Ree1 Ke7 29.Kf2 Rf5 30.Re5 Kd6
31.Ke3 Ra6 32.Ke4 g6 33.g4 Rxe5+ 34.dxe5+ Ke7 35.f5 gxf5+ 36.gxf5 exf5+ 37.Kxf5 b6
38.Rb1 bxa5 39.Rxb5 Ra7 40.Rb6 a4  1/2-1/2

[Event "Buenos Aires ol (Men)"]
[Site "Buenos Aires"]
[Date "1978.??.??"]
[Round "?"]
[White "Freile, Javier"]
[Black "Weir, Peter"]
[Result "1-0"]
[WhiteElo "2260"]
[BlackElo "2200"]

1.c4 e5 2.g3 Nf6 3.Bg2 Nc6 4.d3 g6 5.Nc3 Bg7 6.Nf3 O-O 7.O-O d6 8.Bg5 h6
9.Bd2 Be6 10.Rb1 a5 11.a3 Qd7 12.b4 axb4 13.axb4 Bh3 14.b5 Ne7 15.e4 Bxg2
16.Kxg2 Nh5 17.Nh4 Kh7 18.Nd5 Nxd5 19.cxd5 Ra2 20.b6 c6 21.dxc6 Qxc6 22.Be3 Ra3
23.Qc1 Rc3 24.Qd2 d5 25.Rfc1 d4 26.Rxc3 dxc3 27.Qe2 f5 28.Bc1 Nf6 29.f3 fxe4
30.fxe4 Nd7 31.Be3 Nc5 32.Rb4 Na4 33.Rc4 Qb5 34.Qg4 Rf6 35.Rc7 Qxd3 36.Nf5 Qc2+
37.Kh3 Rxf5 38.exf5 Qxf5 39.Qxf5 gxf5 40.Rxb7  1-0

[Event "Wch U20"]
[Site "Graz"]
[Date "1978.??.??"]
[Round "1"]
[White "Masculo, Jose"]
[Black "Taruffi, Daniele"]
[Result "1-0"]
[WhiteElo "2200"]
[BlackElo "2200"]

1.g3 e5 2.c4 g6 3.Bg2 Bg7 4.Nc3 Ne7 5.Nf3 c5 6.a3 Nbc6 7.b4 cxb4 8.axb4 Nxb4
9.Ba3 Nbc6 10.Ne4 O-O 11.Nd6 e4 12.Nxe4 d5 13.cxd5 Qxd5 14.Nc3 Qh5 15.Rb1 Rd8
16.Qa4 Bxc3 17.dxc3 Nd5 18.Rc1 Bh3 19.Bxh3 Qxh3 20.c4 Nb6 21.Qb3 Qg2 22.Rf1 Rd7
23.Bb2 Rf8 24.Qe3 Qh3 25.Ng5 Qf5 26.Ne4 f6 27.Qf4 Qxf4 28.gxf4 Rdf7 29.h4 f5
30.Ng5 Re7 31.Ba3 Rfe8 32.Bxe7 Rxe7 33.e3 Kg7 34.Ke2 Kf6 35.Rfd1 Nc8 36.Rd5 Rc7
37.Rcd1 Nb4 38.Rd7 Rxd7  1-0

[Event "Zamardi"]
[Site "Zamardi"]
[Date "1978.??.??"]
[Round "?"]
[White "Ujtelky, Maximilian"]
[Black "Szabo, Iuliu"]
[Result "1-0"]
[WhiteElo "2280"]
[BlackElo "2355"]

1.c4 e5 2.g3 d6 3.Bg2 f5 4.b3 Nf6 5.Bb2 c5 6.e3 Nc6 7.Ne2 Be7 8.O-O O-O 9.Nbc3 Qe8
10.a3 a6 11.Nd5 Bd8 12.b4 cxb4 13.axb4 Nxd5 14.cxd5 Na7 15.f4 e4 16.g4 Bf6
17.Bxf6 Rxf6 18.gxf5 Bxf5 19.Ng3 Qg6 20.Rc1 Rf7 21.Rc4 Re8 22.Qh5 Qxh5 23.Nxh5 g6
24.Ng3 Rfe7 25.Rfc1 Kf7 26.Kf2 Nb5 27.Bf1 Kf6 28.R4c2 Bd7 29.Bg2 g5 30.Rc4 Bf5
31.Nxf5 Kxf5 32.Bh3+ g4 33.Bf1 h5 34.Rc8 Rxc8 35.Rxc8 Nc7 36.Rh8 Kg6 37.Bc4 Ne8
38.Bb3 Nf6 39.Rd8 Rd7 40.Rc8 Kg7 41.Kg3 Kg6 42.Kh4 Re7 43.Bc4 Rg7 44.Ba2 Kf5
45.Bb3 Kg6 46.Bc2 Re7 47.Bb1 Nxd5 48.Rd8 Nxb4 49.Rxd6+ Kf5 50.Rh6 Rd7 51.Rxh5+ Kf6
52.Bxe4 Rxd2 53.Kxg4 b5 54.h4 Re2 55.Kf3 Rh2 56.Rf5+ Ke6 57.Re5+ Kd6 58.Kg3 Re2
59.Bf3 Rd2 60.h5 Nc6 61.Rg5 Ne7 62.e4 b4 63.h6 Ke6 64.Bg4+ Kf7 65.Rg7+ Kf8
66.Bh5 Nc6 67.Rg6  1-0

[Event "BCF-ch"]
[Site "Chester"]
[Date "1979.??.??"]
[Round "7"]
[White "Hall, John"]
[Black "Haygarth, Michael J"]
[Result "1/2-1/2"]
[WhiteElo "2200"]
[BlackElo "2355"]

1.c4 e5 2.g3 Nc6 3.Nc3 g6 4.Bg2 Bg7 5.d3 d6 6.e4 Nge7 7.Nge2 O-O 8.O-O Be6
9.Nd5 Bd7 10.Be3 Nxd5 11.cxd5 Nd4 12.Nxd4 exd4 13.Bd2 c5 14.dxc6 bxc6 15.b4 Qb6
16.a3 Rac8  1/2-1/2

[Event "Stary Smokovec"]
[Site "Stary Smokovec"]
[Date "1979.??.??"]
[Round "?"]
[White "Novak, Ivan"]
[Black "Franzen, Josef"]
[Result "1/2-1/2"]
[WhiteElo "2340"]
[BlackElo "2300"]

1.g3 e5 2.c4 d6 3.Bg2 g6 4.d4 Nd7 5.Nc3 Bg7 6.e3 Nh6 7.Nge2 O-O 8.h4 f5 9.b3 Nf7
10.Bb2 c6 11.dxe5 dxe5 12.Qc2 Nf6 13.O-O Be6 14.Na4 Nd7 15.Rad1 Qc7 16.Rd2 Rad8
17.Rfd1 Nf6 18.Nc5 Bc8 19.b4 Rxd2 20.Rxd2 Rd8 21.a4 Bf8 22.Nd3 Be7 23.Rd1 Be6  1/2-1/2

[Event "Warszawa Cup5-A"]
[Site "Warsaw"]
[Date "1979.??.??"]
[Round "1"]
[White "Kirov, Nino"]
[Black "Marszalek, Rafal"]
[Result "1/2-1/2"]
[WhiteElo "2420"]
[BlackElo "2340"]

1.c4 e5 2.g3 Nf6 3.Bg2 c6 4.d4 exd4 5.Qxd4 d5 6.Nf3 Be7 7.cxd5 cxd5 8.O-O Nc6
9.Qa4 O-O 10.Nc3 Qb6 11.Qb3 Qxb3 12.axb3 Bf5 13.Be3 Bc2 14.Nd4 Nxd4 15.Bxd4 Bxb3
16.Bxa7 Bb4 17.Bd4 Bxc3 18.Bxc3 Ne4 19.Bb4 Rfc8 20.Bh3 Rcb8 21.f3 Nf6 22.Rxa8 Rxa8
23.Rc1 Re8 24.Kf2 Bc4 25.e3 h6 26.Rc3 Ra8 27.Ra3 Re8 28.b3 Bb5 29.Ra5 Bc6
30.Bc3 Nd7 31.Bd4 Nf8 32.f4 Ne6 33.Bb6 Re7 34.Ra8+ Kh7 35.Bf5+ g6 36.Bd3 Nc7
37.Ra5 Ne6 38.b4 Ng7 39.Bc5 Re8 40.Bd6 Re6 41.Be5 f6 42.Bd4 Nf5 43.Bc5 Nd6
44.b5 Bd7 45.Ra7 Bxb5 46.f5 gxf5 47.Bxf5+ Nxf5 48.Rxb7+ Kg6 49.Rxb5 Nd6 50.Bxd6 Rxd6
51.Rb4 Re6 52.Kf3 h5 53.Ke2 Re5 54.Kd3 Kf5 55.Rb6 Re4 56.Rd6 Ke5  1/2-1/2

[Event "Favorite"]
[Site "Hamburg"]
[Date "1980.??.??"]
[Round "5"]
[White "Clemens, Christian"]
[Black "Hort, Vlastimil"]
[Result "0-1"]
[WhiteElo "2360"]
[BlackElo "2595"]

1.g3 e5 2.c4 Nf6 3.Bg2 d5 4.cxd5 Nxd5 5.Nc3 Nb6 6.Nf3 Nc6 7.d3 Be7 8.O-O O-O
9.a3 Be6 10.b4 f6 11.Bb2 Qe8 12.Rc1 Rf7 13.Ne4 Rd8 14.Nc5 Bxc5 15.bxc5 Nc4
16.Qc2 Nxb2 17.Qxb2 Bd5 18.Rfd1 b6 19.Qb5 Na5 20.Qxe8+ Rxe8 21.Nd2 Rd8 22.Rc3 Nb7
23.cxb6 axb6 24.Rdc1 Nc5 25.Bxd5 Rxd5 26.Nb3 Ne6 27.a4 Rf8 28.Rc6 Kf7 29.a5 Rb8
30.R1c3 bxa5 31.Ra6 Rxb3  0-1

[Event "Rubinstein mem"]
[Site "Polanica Zdroj"]
[Date "1980.??.??"]
[Round "4"]
[White "Vilela, Jose Luis"]
[Black "Romanishin, Oleg M"]
[Result "0-1"]
[WhiteElo "2410"]
[BlackElo "2580"]

1.c4 e5 2.g3 Nf6 3.Bg2 d5 4.cxd5 Nxd5 5.Nc3 Nb6 6.d3 Nc6 7.Nf3 Be7 8.O-O O-O
9.Be3 Kh8 10.Rc1 Bg4 11.Na4 Nd5 12.Bc5 f6 13.Re1 b6 14.Bxe7 Ncxe7 15.Nc3 c5
16.Nxd5 Nxd5 17.Qa4 Bd7 18.Qe4 Bc6 19.a3 Rc8 20.Qc4 a5 21.Bh3 Rc7 22.e4 Ne7
23.b4 axb4 24.axb4 Be8 25.bxc5 Rxc5 26.Qb4 Bh5 27.Nh4 Nc6 28.Qa3 Ra5 29.Qb2 Be8
30.Rc3 g6 31.Rec1 Nd4 32.Rc8 Qd6 33.Kg2 Kg7 34.Bg4 Bf7 35.Rxf8 Kxf8 36.Nf3 Ra2
37.Qc3 Nxf3 38.Bxf3 Kg7 39.Bd1 Ra3 40.Qc7 Qxd3 41.Qb7 f5 42.Rc7 Qxe4+ 43.Qxe4 fxe4
44.Be2 Kf6 45.Rc6+ Kf5 46.Rxb6 e3 47.fxe3 Ra2 48.Kf1 Ke4 49.Rb7 Be6 50.Re7 Bh3+
51.Ke1 h5 52.Re8 Bg4 53.Bb5 Ra5  0-1

[Event "Silkeborg"]
[Site "Silkeborg"]
[Date "1980.??.??"]
[Round "11"]
[White "Jacobsen, Bo"]
[Black "Ligterink, Gert"]
[Result "1-0"]
[WhiteElo "2370"]
[BlackElo "2455"]

1.c4 e5 2.g3 Nf6 3.Nc3 d5 4.cxd5 Nxd5 5.Bg2 Nb6 6.d3 Nc6 7.Be3 Be7 8.Rc1 O-O
9.a3 f5 10.Na4 f4 11.Bc5 Nd4 12.Nf3 Nxa4 13.Bxd4 exd4 14.Qxa4 c5 15.Qb3+ Kh8
16.Ne5 Qe8 17.Bd5 Bg5 18.Nf7+ Rxf7 19.Bxf7 Qe7 20.Rc2 Bh3 21.Bd5 Rb8 22.Bf3 b6
23.Qd5 Rf8 24.b3 Be6 25.Qb7 Qxb7 26.Bxb7 Bxb3 27.Rb2 Ba4 28.O-O g6 29.Bd5 Re8
30.Kg2 Re5 31.Be4 c4 32.gxf4 Bxf4 33.Kf3 Bg5 34.dxc4 Ra5 35.Bd5 Bd7 36.Rb3 Ra4
37.Rd3 Be7 38.Rxd4 Rxa3+ 39.e3 Bf6 40.Rf4 Bf5 41.Rc1 Bb2 42.Rg1 h5 43.Rg5 a5
44.Rfxf5 gxf5 45.Rxh5+ Kg7 46.Rxf5 Bf6 47.Rf4 a4 48.c5 b5 49.Rb4 Rd3 50.Be4 a3
51.Bxd3 a2 52.Rg4+ Kf8 53.Rg1  1-0

[Event "Skien op"]
[Site "Skien"]
[Date "1980.??.??"]
[Round "2"]
[White "Angantysson, Haukur"]
[Black "Wibe, Terje"]
[Result "1-0"]
[WhiteElo "2425"]
[BlackElo "2425"]

1.c4 e5 2.g3 Nf6 3.Bg2 Nc6 4.d3 Bc5 5.Nc3 O-O 6.Nf3 Re8 7.Nd2 d6 8.O-O a5
9.h3 Ne7 10.Nb3 Bb6 11.Bg5 c6 12.Kh2 Nd7 13.Na4 Bc7 14.e4 f6 15.Be3 b5 16.Nc3 b4
17.Na4 c5 18.f4 Nc6 19.Qh5 Nf8 20.f5 Ra7 21.h4 Bd7 22.Qd1 Re7 23.Nd2 Nd4
24.g4 g6 25.Bh3 Rf7 26.Bh6 Qe8 27.b3 Bd8 28.Nf3 Bc8 29.Qd2 Nd7 30.Rac1 Nxf3+
31.Rxf3 Nb8 32.g5 fxg5 33.Bxg5 Nc6 34.Rg3 Bxg5 35.Qxg5 Nd4 36.Nb6  1-0

[Event "Yerevan"]
[Site "Yerevan"]
[Date "1980.??.??"]
[Round "6"]
[White "Sunye Neto, Jaime"]
[Black "Suba, Mihai"]
[Result "1-0"]
[WhiteElo "2415"]
[BlackElo "2470"]

1.g3 e5 2.c4 Nc6 3.Bg2 g6 4.e3 Bg7 5.Nc3 d6 6.Nge2 Nge7 7.Rb1 Bf5 8.d3 Qd7
9.h4 h5 10.b4 O-O 11.Nd5 Nd8 12.Nec3 c6 13.Nxe7+ Qxe7 14.b5 Qd7 15.bxc6 bxc6
16.Ba3 f6 17.Ne4 Nf7 18.O-O Rac8 19.d4 Bxe4 20.Bxe4 f5 21.Bg2 e4 22.f3 exf3
23.Bxf3 Rfe8 24.Qd3 Qe7 25.Rbe1 c5 26.Bd5 Kh8 27.Kg2 Nh6 28.dxc5 dxc5 29.e4 Ng4
30.Bc1 Rb8 31.Qd1 Qe5 32.Kh3 Qa1 33.Qc2 Qc3 34.Qxc3 Bxc3 35.Re2 Rb1 36.Kg2 Kh7
37.Rc2 Bd4 38.exf5 gxf5 39.Rxf5 Rxc1 40.Rxh5+ Kg6 41.Rg5+ Kf6 42.Rxc1 Ne3+
43.Kf3  1-0

[Event "Yerevan"]
[Site "Yerevan"]
[Date "1980.??.??"]
[Round "10"]
[White "Sunye Neto, Jaime"]
[Black "Vitolinsh, Alvis"]
[Result "1-0"]
[WhiteElo "2415"]
[BlackElo "2430"]

1.g3 e5 2.c4 Nf6 3.Bg2 Nc6 4.Nc3 d6 5.d3 g6 6.Rb1 Bg7 7.b4 O-O 8.e3 Ne7 9.Nge2 d5
10.cxd5 Nexd5 11.O-O Be6 12.Na4 b6 13.e4 Ne7 14.Qc2 a5 15.b5 Rc8 16.Ba3 Re8
17.Rfd1 c5 18.bxc6 Nxc6 19.Qb2 Nd7 20.Rdc1 Nd4 21.Nxd4 exd4 22.Bd6 Ne5 23.Rxc8 Qxc8
24.Nxb6 Qc6 25.Bxe5 Bxe5 26.Rc1 Qb7 27.Qb5 Rb8 28.Qxe5 Qxb6 29.h4 h5 30.a4 Qb2
31.Rc6 Re8 32.Rd6 Qa1+ 33.Kh2 Qxa4 34.Ra6 Qa2 35.Qxd4 Bb3 36.e5 Be6 37.Qa7 Qc2
38.Be4 Bf5 39.Bxf5 gxf5 40.Rf6 Re7 41.Qa8+ Kg7 42.Rxf5 Re6 43.Qb7  1-0

[Event "AUT-ch"]
[Site "AUT"]
[Date "1981.??.??"]
[Round "12"]
[White "Hoelzl, Franz"]
[Black "Wittmann, Walter"]
[Result "1-0"]
[WhiteElo "2375"]
[BlackElo "2380"]

1.c4 e5 2.g3 Nf6 3.Bg2 d5 4.cxd5 Nxd5 5.Nf3 Nc6 6.O-O Nb6 7.a3 Be7 8.d3 O-O
9.Nbd2 Be6 10.b4 f6 11.Nb3 Qd7 12.Rb1 Rab8 13.Qc2 Rfd8 14.Be3 Kh8 15.Rfc1 a6
16.Nc5 Bxc5 17.Bxc5 Rbc8 18.a4 Nd5 19.Nd2 b6 20.b5 axb5 21.axb5 Na7 22.Qa4 Nxb5
23.Qxb5 c6 24.Qb2 bxc5 25.Ne4 Bh3 26.Nxc5 Qf5 27.e4  1-0

[Event "Bangalore"]
[Site "Bangalore"]
[Date "1981.??.??"]
[Round "9"]
[White "Chernin, Alexander"]
[Black "Prasad, Devaki V"]
[Result "1/2-1/2"]
[WhiteElo "2455"]
[BlackElo "2300"]

1.c4 e5 2.g3 Nc6 3.Bg2 g6 4.Nc3 Bg7 5.Rb1 f5 6.d3 Nf6 7.e3 O-O 8.Nge2 d6
9.b4 Kh8 10.O-O Ne7 11.f4 c6 12.b5 cxb5 13.Nxb5 a6 14.Nbc3 Rb8 15.a4 Qc7
16.Ba3 Rd8 17.Qd2 Be6 18.Rfc1 Qd7 19.Rb2 e4 20.Nd4 d5 21.c5 Nc6 22.Nxc6 bxc6
23.d4 Qc7 24.Rcb1 Nd7 25.Bf1 a5 26.Na2 Bf6 27.Rxb8 Rxb8 28.Rxb8+ Nxb8 29.Nc1 Bc8
30.Nb3 Bd8 31.Bb2 Ba6 32.Bc3 Bxf1 33.Kxf1 Qb7 34.Nxa5 Bxa5 35.Bxa5 Qb3 36.Bc7 Na6
37.Be5+ Kg8 38.a5 Nb4 39.Kg2 Kf7 40.Kh3 Qc4 41.Kh4 h6 42.h3 Ke6 43.g4 Qf1
44.Qh2 fxg4  1/2-1/2

[Event "Helsinki"]
[Site "Helsinki"]
[Date "1981.??.??"]
[Round "11"]
[White "Hurme, Harri M"]
[Black "Farago, Ivan"]
[Result "1/2-1/2"]
[WhiteElo "2355"]
[BlackElo "2535"]

1.c4 e5 2.g3 c6 3.d4 exd4 4.Qxd4 d5 5.cxd5 cxd5 6.e4 Be6 7.Nc3 Nc6 8.Bb5 dxe4
9.Qxe4 Rc8 10.Nf3 Nf6 11.Qe2 Be7 12.Ng5 Bg4 13.f3 Bf5 14.O-O O-O 15.Rd1 Qb6+
16.Be3 Bc5 17.Bxc5 Qxc5+ 18.Qf2 Qxf2+ 19.Kxf2 h6 20.Nge4 Bxe4 21.Nxe4 Nxe4+
22.fxe4 Nd4 23.Rd2 f5 24.exf5 Rxf5+ 25.Kg2 Nf3 26.Bd7 Nxd2 27.Bxf5 Re8 28.Bd3 Rd8
29.Be2 Rc8 30.Bd3 Rd8 31.Be2 Re8 32.Bd3 Re3 33.Bf1 Kf8 34.Rc1 Nxf1 35.Kxf1  1/2-1/2

[Event "Sokolsky mem"]
[Site "Minsk"]
[Date "1981.??.??"]
[Round "2"]
[White "Roizman, Abram Y"]
[Black "Chekhov, Valery A"]
[Result "1/2-1/2"]
[WhiteElo "2315"]
[BlackElo "2435"]

1.c4 e5 2.g3 Nf6 3.Bg2 c6 4.d4 exd4 5.Qxd4 d5 6.Nf3 Be7 7.O-O O-O 8.cxd5 cxd5
9.Nc3 Nc6 10.Qa4 Qb6 11.Qb5 Qxb5 12.Nxb5 Bf5 13.Bf4 Rad8 14.Rac1 d4 15.Rfd1 d3
16.exd3 Nd5 17.Bd2  1/2-1/2

[Event "Sokolsky mem"]
[Site "Minsk"]
[Date "1981.??.??"]
[Round "4"]
[White "Roizman, Abram Y"]
[Black "Lutikov, Anatoly S"]
[Result "1/2-1/2"]
[WhiteElo "2315"]
[BlackElo "2430"]

1.c4 e5 2.g3 d6 3.Bg2 g6 4.Nc3 Bg7 5.d3 Ne7 6.e4 Nd7 7.Nge2 Nc5 8.O-O O-O
9.Be3 Nc6 10.f4 f5 11.exf5 Bxf5 12.d4 Nd7 13.fxe5 dxe5 14.d5 Na5 15.b3 Nf6
16.h3 h5 17.Qd2 Qd7 18.Kh2 b6 19.Rad1 Nb7 20.Bh6 Nd6 21.Bxg7 Kxg7 22.Ng1 Rae8
23.Qe3 Nf7 24.Nf3 Nh6 25.Qg5 Nf7 26.Qe3 Nh6  1/2-1/2

[Event "Pamporovo"]
[Site "Pamporovo"]
[Date "1981.??.??"]
[Round "5"]
[White "Kirov, Nino"]
[Black "Ornstein, Axel"]
[Result "1-0"]
[WhiteElo "2475"]
[BlackElo "2475"]

1.g3 e5 2.c4 Nf6 3.Bg2 d5 4.cxd5 Nxd5 5.Nc3 Nb6 6.Nf3 Nc6 7.O-O Be7 8.d3 Be6
9.a3 O-O 10.b4 f6 11.Bb2 Qe8 12.Rc1 Qf7 13.Ne4 a6 14.Nfd2 Bd5 15.Nc4 Nxc4
16.dxc4 Be6 17.Nc3 Rfd8 18.Nd5 Bf8 19.e4 a5 20.b5 Nd4 21.Bxd4 exd4 22.c5 a4
23.Qd3 c6 24.bxc6 bxc6 25.Nb4 Qc7 26.Rfe1 Bb3 27.e5 fxe5 28.Nxc6 Re8 29.Be4 g6
30.Nxe5 Ra5 31.Ng4 Re6 32.Qxd4 Bg7 33.Qb4 Bf8 34.Qc3 Bg7 35.Qb4 Bf8 36.Rc4 Rxc5
37.Rxc5 Bxc5 38.Qd2 Qd6 39.Qg5 h5 40.Nh6+ Kh7  1-0

[Event "Smederevska Palanka"]
[Site "Smederevska Palanka"]
[Date "1981.??.??"]
[Round "9"]
[White "Despotovic, Momcilo"]
[Black "Ornstein, Axel"]
[Result "0-1"]
[WhiteElo "2440"]
[BlackElo "2475"]

1.c4 e5 2.g3 Nf6 3.Bg2 d5 4.cxd5 Nxd5 5.Nc3 Nb6 6.Nf3 Nc6 7.a3 Be6 8.d3 Be7
9.O-O O-O 10.b4 f6 11.Na4 e4 12.Ne1 Nxa4 13.Qxa4 Nd4 14.Qd1 a5 15.bxa5 Bg4
16.Ra2 Qd5 17.Rd2 Qh5 18.f3 Bc5 19.Kh1 Be6 20.fxe4 Bb3 21.Nc2 Bd6 22.Bf3 Qc5
23.Bb2 Nxc2 24.d4 Qb5 25.Rd3 Nxd4 26.Rxb3 Qxb3 27.Bxd4 Qxd1 28.Rxd1 Rxa5
29.Rb1 b6  0-1

[Event "BUL-ch"]
[Site "Sofia"]
[Date "1981.??.??"]
[Round "8"]
[White "Kirov, Nino"]
[Black "Lukov, Valentin"]
[Result "1/2-1/2"]
[WhiteElo "2430"]
[BlackElo "2395"]

1.g3 e5 2.c4 Nc6 3.Bg2 g6 4.Nc3 Bg7 5.Rb1 a5 6.a3 f5 7.b4 axb4 8.axb4 Nf6
9.b5 Ne7 10.Qb3 d6 11.d3 Nd7 12.Na4 Rb8 13.Nf3 b6 14.O-O h6 15.Bb2 Nc5 16.Nxc5 bxc5
17.Ra1 O-O 18.Ra2 Be6 19.Qc2 c6 20.bxc6 Nxc6 21.Ng5 Nb4 22.Nxe6 Qb6 23.Qa4 Nxa2
24.Nxf8 Bxf8 25.Bd5+ Kh7 26.Bxe5 dxe5 27.Qxa2 Bg7 28.Kg2 h5 29.h3 Bh6 30.Ra1 Bg7
31.Qa4 e4 32.Ra3 exd3 33.Rxd3 Qb2 34.Re3 Qc1 35.Rb3 Rxb3 36.Qxb3 Qb2 37.Qe3 Qd4
38.Qe7 Qe5 39.Qxc5 Qxe2 40.Qd6 Qe5 41.Qd7 Qd4 42.Qe8 h4 43.Bg8+ Kh6 44.gxh4 Qxh4
45.Qe3+ Qg5+ 46.Kf3 Qxe3+ 47.Kxe3 Be5 48.c5 Kg7 49.Bb3 g5 50.Kd3 Kf6 51.Kc4 Ke6
52.Kb5+ Kd7 53.Kb6 Bd4 54.f3 f4 55.Bf7 Kd8 56.Kc6 Bc3 57.Kd6 Bb4 58.Bg6 Be1
59.Ke6 Kc7 60.Be4 Bf2 61.c6 Bh4 62.Kf5 Kd6  1/2-1/2

[Event "BUL-ch"]
[Site "Sofia"]
[Date "1981.??.??"]
[Round "16"]
[White "Spiridonov, Nikola"]
[Black "Radev, Nikolai"]
[Result "1/2-1/2"]
[WhiteElo "2420"]
[BlackElo "2335"]

1.c4 e5 2.g3 Nf6 3.Bg2 Nc6 4.d3 Bb4+ 5.Nd2 O-O 6.Nf3 d5 7.cxd5 Nxd5 8.O-O Re8
9.a3 Bf8 10.e4 Nb6 11.Qc2 a5 12.b3 f6 13.Bb2 Bg4 14.h3 Be6 15.Kh2 Qd7 16.Rfd1 Red8
17.Nc4 Qf7  1/2-1/2

[Event "Svendborg"]
[Site "Svendborg"]
[Date "1981.??.??"]
[Round "8"]
[White "Karlsson, Lars"]
[Black "Ost Hansen, Jacob"]
[Result "1/2-1/2"]
[WhiteElo "2460"]
[BlackElo "2395"]

1.c4 e5 2.g3 d6 3.Bg2 g6 4.Nc3 Bg7 5.e3 Nh6 6.Nge2 O-O 7.d3 Nc6 8.Rb1 Be6
9.b4 Qd7 10.b5 Nd8 11.h3 f5 12.f4 Kh8 13.O-O Ng8 14.Bb2 Re8 15.Qd2 Nf6 16.Kh2 c6
17.bxc6 bxc6 18.Na4 Qc7 19.c5 exf4 20.Nxf4 d5 21.Bd4 Qe7 22.Rbe1 Bf7 23.e4 fxe4
24.dxe4 Nxe4 25.Bxe4 dxe4 26.Nc3 Bxd4 27.Qxd4+ Qe5  1/2-1/2

[Event "Trencianske Teplice"]
[Site "Trencianske Teplice"]
[Date "1981.??.??"]
[Round "7"]
[White "Hoelzl, Franz"]
[Black "Pribyl, Josef"]
[Result "1/2-1/2"]
[WhiteElo "2390"]
[BlackElo "2440"]

1.c4 e5 2.g3 Nc6 3.Bg2 g6 4.e3 Bg7 5.Ne2 h5 6.d4 exd4 7.exd4 h4 8.O-O d6
9.Nbc3 hxg3 10.hxg3 Bh3 11.Bxh3 Rxh3 12.Re1 Rh8 13.b4 Qd7 14.Nf4+ Nce7 15.Be3 O-O-O  1/2-1/2

[Event "Baile Herculane zt"]
[Site "Baile Herculane"]
[Date "1982.??.??"]
[Round "1"]
[White "Suba, Mihai"]
[Black "Sax, Gyula"]
[Result "1-0"]
[WhiteElo "2500"]
[BlackElo "2550"]

1.c4 e5 2.g3 c6 3.d4 exd4 4.Qxd4 d5 5.Nf3 Nf6 6.Bg2 dxc4 7.Qxd8+ Kxd8 8.O-O Nbd7
9.Rd1 Ke8 10.Nbd2 Nb6 11.Ne5 Be6 12.Nxc6 Bd5 13.Na5 Bxg2 14.Kxg2 Rc8 15.Nf3 Nbd5
16.Nxb7 Rc7 17.Na5 Bb4 18.e4 Nb6 19.Bf4 Rc8 20.Nb7 Nxe4 21.a3 Be7 22.Re1 g5
23.Nd4  1-0